000
00343 a2200157 4500
001
152620
040
_c
Escola São Tomás de Aquino
100
_a
VILHENA, Vera
240
1
0
_a
A corte chegou
_l
por
245
1
0
_a
A corte chegou
300
_a
84
362
0
_a
2006
440
1
_a
Melhoramentos
697
_a
*LITERATURA JUVENIL
942
_c
BK
999
_c
152620
_d
152620